书目信息 |
| 题名: |
现代汉语
|
|
| 作者: | 张登崎 | |
| 分册: | ||
| 出版信息: | 北京 高等教育出版社 2005.04 |
|
| 页数: | 409页 | |
| 开本: | 24cm | |
| 丛书名: | ||
| 单 册: | ||
| 中图分类: | H109.4 | |
| 科图分类: | ||
| 主题词: | 汉语 | |
| 电子资源: | ||
| ISBN: | 7-04-016535-X | |
| 000 | 00539nam0 2200193 450 | |
| 001 | 0932912551 | |
| 005 | 20181212084028.21 | |
| 010 | @a7-04-016535-X@dCNY32.60 | |
| 100 | @a20090303d2005 km y0chiy0120 ea | |
| 101 | 0 | @achi |
| 102 | @aCN@b110000 | |
| 200 | 1 | @a现代汉语@Axian dai han yu@f张登崎@Fzhang deng qi |
| 210 | @a北京@c高等教育出版社@d2005.04 | |
| 215 | @a409页@d24cm | |
| 606 | 0 | @a汉语 |
| 690 | @aH109.4@v4 | |
| 701 | 0 | @a张登崎@Azhang deng qi |
| 801 | 0 | @aCN@b大连网信软件有限公司图书馆·11@c20121015 |
| 905 | @aZUCC@dH109.4@eZ090 | |
| 现代汉语/张登崎.-北京:高等教育出版社,2005.04 |
| 409页;24cm |
| ISBN 7-04-016535-X:CNY32.60 |
| ● |
| 相关链接 |
|
|
|
正题名:现代汉语
索取号:H109.4/Z090
 
预约/预借
| 序号 | 登录号 | 条形码 | 馆藏地/架位号 | 状态 | 备注 |
| 1 | 1281975 | 212819752 | 语言库209/209语言库 70排3列4层/ [索取号:H109.4/Z090] | 在馆 | |
| 2 | 461128 | 204611287 | 语言库209/209语言库 70排3列4层/ [索取号:H109.4/Z090] | 在馆 | |
| 3 | 465261 | 204652615 | 语言库209/209语言库 70排3列4层/ [索取号:H109.4/Z090] | 在馆 | |
| 4 | 465262 | 204652624 | 语言库209/209语言库 70排3列4层/ [索取号:H109.4/Z090] | 在馆 | |
| 5 | 466125 | 204661259 | 语言库209/209语言库 70排3列4层/ [索取号:H109.4/Z090] | 在馆 | |
| 6 | 488382 | 204883821 | 自科二线504/504自科库 23排2列4层/ [索取号:H109.4/Z090] | 在馆 | |
| 7 | 488383 | 204883830 | 自科二线504/504自科库 23排2列4层/ [索取号:H109.4/Z090] | 在馆 | |
| 8 | 488384 | 204883849 | 自科二线504/504自科库 23排2列4层/ [索取号:H109.4/Z090] | 在馆 | |
| 9 | 488385 | 204883858 | 自科二线504/504自科库 23排2列4层/ [索取号:H109.4/Z090] | 在馆 | |
| 10 | 488386 | 204883867 | 自科二线504/504自科库 23排2列4层/ [索取号:H109.4/Z090] | 在馆 |